EL HIJO CARCELERO DEL PADRE /

Đã lưu trong:
Chi tiết về thư mục
Định dạng: Sách
Phiên bản:2a edición
Những chủ đề:
Các nhãn: Thêm thẻ
Không có thẻ, Là người đầu tiên thẻ bản ghi này!

MARC

LEADER 00000nam^a2200000^a^4500
001 000233115
005 20250521000000.0
009 20260310104629.108
035 |a 057097 
037 |a Acervo Xavier Clavigero 
082 |a 862. 6  |b HIJ 
245 1 3 |a EL HIJO CARCELERO DEL PADRE /  |c S/A 
250 |a 2a edición 
264 |a BARCELONA :  |b ESCUELA SALESIANA,  |c 1912 
300 |a 74 p. 
336 |a texto  |b txt  |2 rdacontenido 
337 |a sin mediación  |b n  |2 rdamedio 
338 |a volumen  |b nc  |2 rdasoporte 
649 |a XX 
650 |a Teatro Español 
650 |a Literatura Española -  |y Siglo XX 
910 |a Fondo General 
920 |a Impresos - Libros 
930 |a Colección General 
940 |a Literatura 
905 |a 101 
901 |a 057097  |b IT1  |c LIT  |i 057097  |u 20250521 
902 |a https://opac.biblio.iteso.mx/vufind/Record/000233115